LEADER 01161nam a2200277 i 4500 001 000000233800 003 CaOOAMICUS 005 20140926000000.0 008 140926s2013 it u000 u ita u 013 $a212703 020 $a978-88-350-3514-5 040 $aSeMil$bita 100 1 $aLottieri, Carlo <1960- >.$0(OLS)http://semarc/name/61116 245 10$aLiberali e non :$bpercorsi di storia del pensiero politico /$cCarlo Lottieri. 260 $aBrescia :$bLa Scuola,$c2013. 300 $a304 p. ;$c20 cm. 490 0 $aOrso blu ;$v26 650 4$aPolitica - Filosofia.$0(OLS)http://semarc/subject/7764 650 4$aFilosofia politica - Storia.$0(OLS)http://semarc/subject/3048 830 0$aOrso blu ;$v26.$0(OLS)http://semarc/title/40137 850 $aSeMil 852 $aSeMil$W1$xVenegono$y1$m2P II 821$j184146$B184146$CSeMilBibl$Z2$F195281 $81 961 $aAcquisto: LI.CO.SA 996 $6020$a978-88-350-3514-5$9(OLS)http://semarc/number/237828 996 $6245$aLiberali e non :$bpercorsi di storia del pensiero politico$9(OLS)http://semarc/title/333700 996 $6260$aBrescia :$bLa Scuola$9(OLS)http://semarc/publisher/29831 LEADER 01420nam a2200277 i 4500 001 000000069299 003 CaOOAMICUS 005 20250708135607.0 008 050302s1981 it u000 u ita u 020 $a88-02-03663-2 040 $aSeMil$bita 100 1 $aHegel, Georg Wilhelm Friederich,$d<1770-1831>.$0(OLS)http://semarc/name/642 240 10$aWissenschaft der Logik.$0(OLS)http://semarc/title/15234 245 13$aLa scienza della logica /$cdi Georg Wilhelm Friedrich Hegel ; a cura di Valerio Verra. 300 $a472 p., [7] carte di tav. :$bill. ;$c24 cm 490 1 $aClassici della filosofia 650 4$aHegel, Georg Wilhelm Friedrich <1770-1831> . Wissenschaft der Logik.$0(OLS)http://semarc/subject/13719 700 1 $aVerra, Valerio,$d<1928-2001>.$0(OLS)http://semarc/name/6058 773 0 $aHegel, Georg Wilhelm Friederich <1770-1831>$tEnciclopedia delle scienze filosofiche in compendio.$dTorino : Unione Tipografico-Editrice Torinese, 1981-2002.$kClassici della filosofia $g1$w()793 830 0$aClassici della filosofia .$0(OLS)http://semarc/title/454429 850 $aSeMil 852 $aSeMil$W1$xVenegono$y1$m2LA C 27$j259284$B35452$CSeMilBibl$Z2$F35455 $81 961 $aAcquisto: UTET (Agente) 996 $6020$a88-02-03663-2$9(OLS)http://semarc/number/47735 996 $6245$aLa scienza della logica$9(OLS)http://semarc/title/110909